[Event "LTU-ch sf"]
[Site "Kaunas"]
[Date "2024.03.06"]
[Round "1"]
[White "Budiak, Arina"]
[Black "Juknis, Paulius"]
[Result "0-1"]
[WhiteElo "1651"]
[BlackElo "2196"]
[PlyCount "80"]
[EventDate "2024.03.06"]
[EventType "swiss"]
[EventRounds "8"]
[EventCountry "LTU"]
[SourceTitle "CB11_2024"]
[SourceDate "2024.03.13"]
[SourceVersion "1"]
[SourceVersionDate "2024.03.13"]
[SourceQuality "1"]

1. d4 Nf6 2. Bg5 d5 3. Nf3 Ne4 4. Bh4 Qd6 5. Nbd2 Qh6 6. Nb3 g5 7. Bg3 Nxg3 8. fxg3 g4 9. Ne5 Bg7 10. Nd3 c6 11. Qd2 Qxd2+ 12. Kxd2 Bf5 13. e3 Nd7 14. Nf2 e5 15. Bd3 Be6 16. c3 b6 17. Rhf1 c5 18. Be2 h5 19. a4 Ke7 20. h3 f5 21. hxg4 hxg4 22. dxc5 bxc5 23. Rh1 d4 24. Na5 Bh6 25. Nd1 Nf6 26. Bd3 Nd5 27. Nc4 e4 28. Be2 d3 29. Bxd3 exd3 30. Kxd3 Bg7 31. Nf2 Nb4+ 32. cxb4 Rhd8+ 33. Kc2 Bxc4 34. bxc5 Rab8 35. Nd1 Bb3+ 36. Kc1 Bxd1 37. Rxd1 Bxb2+ 38. Kc2 Bxa1 39. Rxa1 Rd5 40. Rh1 Rxc5+ 0-1

[Event "Taujenai-ch rapid"]
[Site "Taujenai"]
[Date "2023.10.29"]
[Round "8"]
[White "Jegorovas, Aleksandras"]
[Black "Juknis, Paulius"]
[Result "1-0"]
[WhiteElo "2225"]
[BlackElo "2095"]
[PlyCount "53"]
[EventDate "2023.10.28"]
[EventType "swiss (rapid)"]
[EventRounds "10"]
[EventCountry "LTU"]
[SourceTitle "Mega2024 Update 01"]
[Source "Chessbase"]
[SourceDate "2023.11.12"]
[SourceVersion "1"]
[SourceVersionDate "2023.11.12"]
[SourceQuality "1"]

1. e4 g6 2. d4 Bg7 3. Nf3 c6 4. c4 d5 5. exd5 cxd5 6. Nc3 Nf6 7. cxd5 0-0 8. Bc4 Nbd7 9. 0-0 Nb6 10. Bb3 Nbxd5 11. Re1 b6 12. Bg5 Nxc3 13. bxc3 Bb7 14. Ne5 Rc8 15. Rc1 Ne4 16. Nxf7 Rxf7 17. Bxf7+ Kxf7 18. Qf3+ Bf6 19. Bxf6 exf6 20. Rxe4 f5 21. Rce1 Bxe4 22. Rxe4 Rxc3 23. Qxc3 fxe4 24. Qc4+ Kf6 25. Qc6+ Kf5 26. d5 Qf6 27. g4+ 1-0

[Event "Marijampole Buzas Memorial"]
[Site "Marijampole"]
[Date "2023.08.26"]
[Round "7"]
[White "Vardanyan, Aras"]
[Black "Juknis, Paulius"]
[Result "1/2-1/2"]
[WhiteElo "2275"]
[BlackElo "2065"]
[PlyCount "45"]
[EventDate "2023.08.26"]
[EventType "swiss (rapid)"]
[EventRounds "9"]
[EventCountry "LTU"]
[SourceTitle "EXT 2024"]
[Source "ChessBase"]
[SourceDate "2023.10.10"]
[SourceVersion "1"]
[SourceVersionDate "2023.10.10"]
[SourceQuality "1"]

1. g3 c5 2. Bg2 g6 3. e4 Nc6 4. Ne2 Bg7 5. c3 e5 6. 0-0 Nge7 7. Na3 0-0 8. Nc4 d5 9. exd5 Nxd5 10. d3 Be6 11. a4 Qd7 12. f4 Bh3 13. fxe5 Bxg2 14. Kxg2 Nxe5 15. Nxe5 Bxe5 16. Bh6 Bg7 17. Qd2 Rfe8 18. Bxg7 Ne3+ 19. Kg1 Kxg7 20. Rf3 Nc4 21. Qf4 Ne5 22. Rf2 Qxd3 23. Raf1 1/2-1/2

[Event "Panevezys op"]
[Site "Panevezys"]
[Date "2023.08.20"]
[Round "7"]
[White "Juknis, Paulius"]
[Black "Rauk, Tonu"]
[Result "0-1"]
[WhiteElo "2156"]
[BlackElo "2108"]
[PlyCount "64"]
[EventDate "2023.08.18"]
[EventType "swiss"]
[EventRounds "7"]
[EventCountry "LTU"]
[SourceTitle "EXT 2024"]
[Source "ChessBase"]
[SourceDate "2023.10.10"]
[SourceVersion "1"]
[SourceVersionDate "2023.10.10"]
[SourceQuality "1"]

1. e4 c5 2. Nf3 e6 3. c3 Nf6 4. e5 Nd5 5. g3 d6 6. exd6 Bxd6 7. Bg2 0-0 8. 0-0 Nc6 9. d4 cxd4 10. Nxd4 Nxd4 11. Qxd4 Qf6 12. Qxf6 Nxf6 13. Rd1 Bc7 14. Na3 a6 15. Nc4 Rb8 16. Be3 b5 17. Nd6 Bd7 18. Ba7 Rbd8 19. Bc5 Bc8 20. Nxc8 Rxd1+ 21. Rxd1 Rxc8 22. Bb7 Rb8 23. Bxa6 Nd5 24. Rd2 Be5 25. c4 bxc4 26. Bxc4 Rc8 27. Bd4 Bf4 28. Rc2 Nb4 29. Rc3 Bd2 30. Ra3 Nc2 31. Rd3 Rxc4 32. Bxg7 Ne1 0-1

[Event "Panevezys op"]
[Site "Panevezys"]
[Date "2023.08.19"]
[Round "4"]
[White "Vasiljeva, Sofja"]
[Black "Juknis, Paulius"]
[Result "1/2-1/2"]
[WhiteElo "1794"]
[BlackElo "2156"]
[PlyCount "102"]
[EventDate "2023.08.18"]
[EventType "swiss"]
[EventRounds "7"]
[EventCountry "LTU"]
[SourceTitle "EXT 2024"]
[Source "ChessBase"]
[SourceDate "2023.10.10"]
[SourceVersion "1"]
[SourceVersionDate "2023.10.10"]
[SourceQuality "1"]

1. e4 c5 2. Nf3 Nc6 3. Bb5 g6 4. Bxc6 dxc6 5. 0-0 Bg7 6. d3 Nf6 7. Re1 0-0 8. Nc3 b6 9. a4 a5 10. h3 Ne8 11. e5 Nc7 12. b3 Ne6 13. Bb2 Nd4 14. Ne4 h6 15. Ned2 Be6 16. Nc4 Rb8 17. Nfd2 Bc8 18. f4 f5 19. Nf3 Qd5 20. Ne3 Nxf3+ 21. Qxf3 Qxf3 22. gxf3 Be6 23. h4 g5 24. hxg5 hxg5 25. Kf2 gxf4 26. Ng2 Kf7 27. Rh1 Rh8 28. Nxf4 Rxh1 29. Rxh1 Rh8 30. Rxh8 Bxh8 31. Nxe6 Kxe6 32. f4 Bg7 33. Bc3 Bh6 34. Kf3 Kd7 35. Be1 e6 36. Bd2 Bf8 37. Kg3 Be7 38. Kh3 Bd8 39. Be1 b5 40. Bh4 Bb6 41. Bf6 Ba7 42. Kh4 Bb6 43. Kg5 Bc7 44. Kg6 Bb6 45. Kf7 Bc7 46. Be7 Bb6 47. Bd6 c4 48. Be7 cxd3 49. cxd3 Be3 50. Bg5 Bd2 51. Bh6 Be3 1/2-1/2

[Event "Panevezys op"]
[Site "Panevezys"]
[Date "2023.08.18"]
[Round "2"]
[White "Bisigirskas, Paulius"]
[Black "Juknis, Paulius"]
[Result "1-0"]
[WhiteElo "1806"]
[BlackElo "2156"]
[PlyCount "37"]
[EventDate "2023.08.18"]
[EventType "swiss"]
[EventRounds "7"]
[EventCountry "LTU"]
[SourceTitle "EXT 2024"]
[Source "ChessBase"]
[SourceDate "2023.10.10"]
[SourceVersion "1"]
[SourceVersionDate "2023.10.10"]
[SourceQuality "1"]

1. d4 Nf6 2. c4 g6 3. Nc3 Bg7 4. e4 d6 5. f3 0-0 6. Be3 Nc6 7. Qd2 a6 8. 0-0-0 b5 9. g4 Na5 10. h4 h5 11. Nd5 Nxc4 12. Bxc4 bxc4 13. Nxf6+ Bxf6 14. gxh5 gxh5 15. Bh6 Re8 16. e5 Bh8 17. Qg5+ Kh7 18. Qxh5 Qd7 19. Nh3 1-0

[Event "Vilnius Elite op"]
[Site "Vilnius"]
[Date "2023.07.07"]
[Round "4"]
[White "Gavenavicius, Karolis"]
[Black "Juknis, Paulius"]
[Result "0-1"]
[WhiteElo "1828"]
[BlackElo "2167"]
[PlyCount "136"]
[EventDate "2023.07.05"]
[EventType "swiss"]
[EventRounds "8"]
[EventCountry "LTU"]
[SourceTitle "CBM 215 Extra"]
[Source "ChessBase"]
[SourceDate "2023.09.30"]
[SourceVersion "1"]
[SourceVersionDate "2023.09.30"]
[SourceQuality "1"]

1. d4 Nf6 2. c4 g6 3. Nc3 Bg7 4. e4 d6 5. Nf3 0-0 6. Be2 e5 7. Be3 exd4 8. Nxd4 Re8 9. f3 c6 10. Bf2 d5 11. exd5 cxd5 12. 0-0 Nc6 13. c5 Bf8 14. Kh1 a6 15. a3 Nh5 16. Qd2 Ng7 17. Rfd1 Ne6 18. Nxe6 Bxe6 19. b4 f5 20. Bf1 Bg7 21. Rab1 d4 22. Na4 Qf6 23. Nb6 Rad8 24. Nc4 Bxc4 25. Bxc4+ Kh8 26. Bg3 Ne5 27. Bxe5 Rxe5 28. a4 h5 29. Bf1 Kh7 30. Qc2 Re3 31. Bd3 h4 32. b5 axb5 33. axb5 Rc8 34. c6 Qe5 35. Qf2 Qf4 36. g3 Rxf3 37. gxf4 Rxf2 38. cxb7 Rb8 39. Rf1 Rxf1+ 40. Bxf1 Rxb7 41. Kg2 Bf8 42. h3 Bd6 43. Rd1 Bc5 44. Rc1 Bd6 45. Rd1 Bxf4 46. Rxd4 Bg3 47. Ra4 Rd7 48. Ra2 Rd6 49. Be2 Kh6 50. Ra6 Rd2 51. Re6 Bc7 52. Kf3 Rb2 53. Rc6 Rb3+ 54. Kf2 Be5 55. Re6 Bf4 56. Bf1 Bc7 57. Rc6 Be5 58. Re6 Bd4+ 59. Kg2 Kg5 60. Bc4 Rb2+ 61. Re2 Rb4 62. Rc2 Kf4 63. Bf1 g5 64. Be2 Rb3 65. Bc4 Rg3+ 66. Kh2 g4 67. Bf1 Rg1 68. Rc4 g3# 0-1

[Event "Vilnius Elite op"]
[Site "Vilnius"]
[Date "2023.07.06"]
[Round "3"]
[White "Juknis, Paulius"]
[Black "Limontas, Martynas"]
[Result "1/2-1/2"]
[WhiteElo "2167"]
[BlackElo "2296"]
[PlyCount "62"]
[EventDate "2023.07.05"]
[EventType "swiss"]
[EventRounds "8"]
[EventCountry "LTU"]
[SourceTitle "CBM 215 Extra"]
[Source "ChessBase"]
[SourceDate "2023.09.30"]
[SourceVersion "1"]
[SourceVersionDate "2023.09.30"]
[SourceQuality "1"]

1. d4 e6 2. Nf3 Nf6 3. Bf4 c5 4. e3 d5 5. c3 Bd6 6. Bb5+ Nc6 7. Qa4 Bxf4 8. exf4 Qb6 9. dxc5 Qxc5 10. Nbd2 Bd7 11. 0-0 0-0 12. Bxc6 bxc6 13. Qd4 Qe7 14. b4 Rfc8 15. Nb3 Ne4 16. Rfe1 c5 17. bxc5 Nxc5 18. Ne5 Be8 19. f5 f6 20. Nd3 Nxb3 21. axb3 e5 22. Qxd5+ Bf7 23. Qe4 Rab8 24. f4 Rxb3 25. fxe5 fxe5 26. Qxe5 Qd8 27. Rxa7 Rbxc3 28. Qe7 Qxe7 29. Rexe7 Rxd3 30. Rxf7 Rc1+ 31. Kf2 Rd2+ 1/2-1/2

[Event "Titled Tuesday intern op 04th Jul Early"]
[Site "Chess.com INT"]
[Date "2023.07.04"]
[Round "2"]
[White "Juknis, Paulius"]
[Black "Horobetz, Graham"]
[Result "1-0"]
[WhiteElo "2167"]
[BlackElo "2140"]
[PlyCount "109"]
[EventDate "2023.07.04"]
[EventType "swiss (blitz)"]
[EventRounds "11"]
[EventCountry "USA"]
[SourceTitle "EXT 2024"]
[Source "ChessBase"]
[SourceDate "2023.10.10"]
[SourceVersion "1"]
[SourceVersionDate "2023.10.10"]
[SourceQuality "1"]

1. e4 c5 2. Nc3 g6 3. d4 cxd4 4. Qxd4 Nf6 5. Be3 Nc6 6. Qd2 Ng4 7. Bf4 Bg7 8. f3 Nge5 9. 0-0-0 d6 10. Bh6 0-0 11. h4 Bxh6 12. Qxh6 f6 13. Nge2 Be6 14. Nf4 Nf7 15. Nxe6 Nxh6 16. Nxd8 Rfxd8 17. Bc4+ Kg7 18. g4 Ne5 19. Be2 Rac8 20. g5 Nhf7 21. f4 Nc4 22. Rd3 Nb6 23. Bg4 Rc5 24. Nd5 Nxd5 25. Rxd5 Rxd5 26. exd5 f5 27. Bf3 Rc8 28. Re1 Rc7 29. h5 gxh5 30. Bxh5 Nh8 31. Be2 Ng6 32. Rf1 Rc5 33. c4 b5 34. b3 b4 35. Bd3 Rc8 36. Bxf5 Rf8 37. Bxg6 Kxg6 38. Kd2 h6 39. gxh6 Rh8 40. Rg1+ Kf6 41. Rh1 Kg6 42. Ke3 Kh7 43. Ke4 Rg8 44. Kf5 Rg2 45. Ke6 Re2+ 46. Kd7 a5 47. f5 Re5 48. f6 exf6 49. Kxd6 Re2 50. c5 Rxa2 51. c6 Rc2 52. c7 a4 53. bxa4 b3 54. Rb1 b2 55. Rxb2 1-0

[Event "Titled Tuesday intern op 04th Jul Early"]
[Site "Chess.com INT"]
[Date "2023.07.04"]
[Round "6"]
[White "Wafa, Hamed"]
[Black "Juknis, Paulius"]
[Result "1-0"]
[WhiteElo "2178"]
[BlackElo "2167"]
[PlyCount "147"]
[EventDate "2023.07.04"]
[EventType "swiss (blitz)"]
[EventRounds "11"]
[EventCountry "USA"]
[SourceTitle "EXT 2024"]
[Source "ChessBase"]
[SourceDate "2023.10.10"]
[SourceVersion "1"]
[SourceVersionDate "2023.10.10"]
[SourceQuality "1"]

1. e4 c5 2. Nf3 Nc6 3. Bb5 Nf6 4. Nc3 g6 5. 0-0 Bg7 6. Re1 0-0 7. h3 Nd4 8. Bf1 d6 9. d3 Nc6 10. Be3 b6 11. d4 cxd4 12. Nxd4 Bb7 13. Qd2 Nxd4 14. Bxd4 e5 15. Be3 d5 16. exd5 Nxd5 17. Nxd5 Qxd5 18. Qxd5 Bxd5 19. Red1 Be6 20. a4 f5 21. Rd6 Bf7 22. a5 f4 23. Bd2 Rfd8 24. Rxd8+ Rxd8 25. Bc3 e4 26. Bxg7 Kxg7 27. axb6 axb6 28. Ra4 e3 29. Rxf4 Rd2 30. fxe3 Rxc2 31. Rb4 Rc1 32. Kf2 Rc2+ 33. Be2 Rc6 34. Bf3 Rd6 35. Kg3 Kf6 36. Kf4 g5+ 37. Kg3 Ke5 38. h4 h6 39. hxg5 hxg5 40. Rb5+ Kf6 41. e4 Re6 42. Bg4 Rxe4 43. Rxb6+ Ke5 44. Bf3 Rd4 45. Rb5+ Kf6 46. Rb6+ Ke5 47. b4 Be6 48. Rb5+ Kf6 49. Rb6 g4 50. Bb7 Rd3+ 51. Kf4 Rd4+ 52. Ke3 Rd8 53. b5 Ke5 54. Be4 Rc8 55. Rc6 Rxc6 56. Bxc6 Bc4 57. b6 Kd6 58. b7 Kc7 59. Kf4 Be6 60. Be4 Bd7 61. Bf5 Bc6 62. Be4 Bd7 63. g3 Kb8 64. Ke5 Kc7 65. Kf6 Bb5 66. Kg5 Bd7 67. Bf5 Bc6 68. Kxg4 Bxb7 69. Kg5 Kd6 70. Bd3 Bf3 71. Kf4 Bd1 72. Bf5 Ke7 73. Bg4 Kf8 74. Bxd1 1-0

[Event "Norway Chess op"]
[Site "Stavanger"]
[Date "2023.05.29"]
[Round "5"]
[White "Hort, Max"]
[Black "Juknis, Paulius"]
[Result "0-1"]
[WhiteElo "1933"]
[BlackElo "2115"]
[PlyCount "89"]
[EventDate "2023.05.27"]
[EventType "swiss"]
[EventRounds "10"]
[EventCountry "NOR"]
[SourceTitle "CBM 214 Extra"]
[Source "ChessBase"]
[SourceDate "2023.07.31"]
[SourceVersion "1"]
[SourceVersionDate "2023.07.31"]
[SourceQuality "1"]

1. e4 c5 2. a3 g6 3. Nc3 Bg7 4. Bc4 Nc6 5. d3 e6 6. Ba2 Nge7 7. h4 h5 8. Bg5 Nd4 9. Nge2 d6 10. Qd2 Qd7 11. Nxd4 cxd4 12. Ne2 Nc6 13. Qf4 f6 14. 0-0 e5 15. Qd2 fxg5 16. hxg5 h4 17. b4 h3 18. g3 Nd8 19. Kh2 Rf8 20. f4 Qg4 21. Rf2 Be6 22. c4 dxc3 23. Nxc3 exf4 24. gxf4 Rc8 25. d4 Bxa2 26. Rxa2 Ne6 27. Nb5 Kd7 28. e5 Rxf4 29. Nxd6 Rcf8 30. Rxf4 Nxf4 31. Ne4 Qg2+ 32. Qxg2 hxg2 33. Ng3 Rh8+ 34. Kg1 Rh3 35. Rf2 Rxg3 36. Rxf4 Ke6 37. Rh4 Kf7 38. Rf4+ Ke7 39. Rh4 Rxg5 40. Rh7 Kf8 41. Rh3 Rg4 42. Rc3 Rxd4 43. Kxg2 Bxe5 44. Rc5 Bf4 45. Kf3 0-1

[Event "Titled Tuesday intern op 16th May Early"]
[Site "Chess.com INT"]
[Date "2023.05.16"]
[Round "5"]
[White "Juknis, Paulius"]
[Black "Demchenko, Anton"]
[Result "0-1"]
[WhiteElo "2115"]
[BlackElo "2623"]
[PlyCount "67"]
[EventDate "2023.05.16"]
[EventType "swiss (blitz)"]
[EventRounds "11"]
[EventCountry "USA"]
[SourceTitle "CBM 214 Extra"]
[Source "ChessBase"]
[SourceDate "2023.07.31"]
[SourceVersion "1"]
[SourceVersionDate "2023.07.31"]
[SourceQuality "1"]

1. d4 Nf6 2. Nc3 d5 3. Bf4 c5 4. e4 Nxe4 5. Nxe4 dxe4 6. dxc5 Qa5+ 7. c3 Qxc5 8. Qa4+ Nc6 9. Qxe4 g6 10. Nf3 Bg7 11. Rd1 Be6 12. Qa4 0-0 13. Be2 a6 14. 0-0 b5 15. Qc2 Bf5 16. Bd3 Nb4 17. cxb4 Qxc2 18. Bxc2 Bxc2 19. Rd2 Be4 20. Be5 f6 21. Bc3 Rfd8 22. Rfd1 Rxd2 23. Rxd2 Kf7 24. Nd4 Rc8 25. f3 Bd5 26. a4 Bh6 27. Rd1 bxa4 28. Nf5 gxf5 29. Rxd5 Be3+ 30. Kf1 Bb6 31. Rd7 a3 32. Rd1 axb2 33. Bxb2 Rc2 34. Rd2 0-1

[Event "Titled Tuesday intern op 09th May Early"]
[Site "Chess.com INT"]
[Date "2023.05.09"]
[Round "4"]
[White "Ambartsumova, Karina"]
[Black "Juknis, Paulius"]
[Result "1-0"]
[WhiteElo "2393"]
[BlackElo "2115"]
[PlyCount "72"]
[EventDate "2023.05.09"]
[EventType "swiss (blitz)"]
[EventRounds "11"]
[EventCountry "USA"]
[SourceTitle "CBM 214 Extra"]
[Source "ChessBase"]
[SourceDate "2023.07.31"]
[SourceVersion "1"]
[SourceVersionDate "2023.07.31"]
[SourceQuality "1"]

1. e4 c5 2. Nf3 Nc6 3. d4 cxd4 4. Nxd4 Nf6 5. Nc3 h5 6. Nxc6 bxc6 7. e5 Ng4 8. Bf4 Qc7 9. Qe2 g5 10. Bxg5 Qxe5 11. Qxe5 Nxe5 12. 0-0-0 Bg7 13. Be2 d6 14. Rhe1 Bh6 15. h4 Bg4 16. f3 Be6 17. Ne4 f6 18. Bxh6 Rxh6 19. f4 Nf7 20. Bf3 Bd5 21. c4 Bxe4 22. Rxe4 Rc8 23. Re6 Nd8 24. Re2 Kf7 25. f5 c5 26. Bd5+ Kf8 27. Rd3 Nf7 28. Rg3 Rh8 29. Kc2 Ne5 30. Ra3 Rc7 31. Ree3 Kg7 32. Ra6 Rb8 33. Rg3+ Kh7 34. Rga3 Rb4 35. b3 Rb8 36. Rxa7 Rc6 1-0

[Event "Titled Tuesday intern op 09th May Early"]
[Site "Chess.com INT"]
[Date "2023.05.09"]
[Round "8"]
[White "Juknis, Paulius"]
[Black "Hossain, Enamul"]
[Result "0-1"]
[WhiteElo "2115"]
[BlackElo "2379"]
[PlyCount "40"]
[EventDate "2023.05.09"]
[EventType "swiss (blitz)"]
[EventRounds "11"]
[EventCountry "USA"]
[SourceTitle "CBM 214 Extra"]
[Source "ChessBase"]
[SourceDate "2023.07.31"]
[SourceVersion "1"]
[SourceVersionDate "2023.07.31"]
[SourceQuality "1"]

1. e4 c5 2. Nc3 Nc6 3. Bb5 Nd4 4. Nf3 a6 5. Bd3 g6 6. b4 Nxf3+ 7. Qxf3 cxb4 8. Nd5 Bg7 9. Rb1 e6 10. Ne3 Ne7 11. a3 0-0 12. axb4 d5 13. 0-0 d4 14. Nc4 b5 15. Na5 e5 16. c3 Be6 17. Bb2 dxc3 18. dxc3 Qc8 19. h3 Nc6 20. Nb3 Bxb3 0-1

[Event "Titled Tuesday intern op 09th May Early"]
[Site "Chess.com INT"]
[Date "2023.05.09"]
[Round "9"]
[White "Juknis, Paulius"]
[Black "Martic, Ivan"]
[Result "0-1"]
[WhiteElo "2115"]
[BlackElo "2301"]
[PlyCount "40"]
[EventDate "2023.05.09"]
[EventType "swiss (blitz)"]
[EventRounds "11"]
[EventCountry "USA"]
[SourceTitle "CBM 214 Extra"]
[Source "ChessBase"]
[SourceDate "2023.07.31"]
[SourceVersion "1"]
[SourceVersionDate "2023.07.31"]
[SourceQuality "1"]

1. d4 d5 2. Nc3 Nf6 3. Bf4 c5 4. e4 Nxe4 5. Nxe4 dxe4 6. dxc5 Qa5+ 7. c3 Qxc5 8. Qa4+ Nc6 9. Qxe4 Bf5 10. Qc4 e5 11. Be3 Qa5 12. Nf3 Be7 13. Qb5 Qxb5 14. Bxb5 f6 15. Nd2 0-0 16. 0-0 Rfd8 17. f4 Bd3 18. Bxd3 Rxd3 19. Rfe1 Rxe3 20. Rxe3 Bc5 0-1

[Event "LTU-chT"]
[Site "Lithuania"]
[Date "2023.04.21"]
[Round "4.3"]
[White "Leclere, Daniel"]
[Black "Juknis, Paulius"]
[Result "1/2-1/2"]
[WhiteElo "1729"]
[BlackElo "2114"]
[PlyCount "74"]
[EventDate "2023.03.04"]
[EventType "team"]
[EventRounds "7"]
[EventCountry "LTU"]
[SourceTitle "EXT 2024"]
[Source "ChessBase"]
[SourceDate "2023.10.10"]
[SourceVersion "1"]
[SourceVersionDate "2023.10.10"]
[SourceQuality "1"]
[WhiteTeam "Vilnius Tauras"]
[BlackTeam "Kaunas Security"]
[WhiteTeamCountry "LTU"]
[BlackTeamCountry "LTU"]

1. e4 c5 2. Nf3 Nc6 3. Bb5 Nf6 4. Nc3 g6 5. h3 Qc7 6. 0-0 Bg7 7. Re1 e5 8. d3 h6 9. Be3 Nd4 10. Bc4 0-0 11. Nd5 Nxd5 12. Bxd5 Kh7 13. c3 Ne6 14. d4 d6 15. dxe5 dxe5 16. Qb3 Rb8 17. a4 Nf4 18. Bxf4 exf4 19. Qc4 Qe7 20. e5 Be6 21. Bxe6 fxe6 22. Rad1 Rbe8 23. Rd2 b6 24. Red1 Rf7 25. Rd6 Qc7 26. Rxe6 Rxe6 27. Qxe6 Re7 28. Qd6 Qxd6 29. Rxd6 g5 30. Rc6 Bxe5 31. Nxe5 Rxe5 32. Rc7+ Kg6 33. Rxa7 Re1+ 34. Kh2 Re2 35. f3 Rxb2 36. Rb7 Kh5 37. a5 Rc2 1/2-1/2